| 000 | 00527nam a2200193Ia 4500 | ||
|---|---|---|---|
| 005 | 20241111113438.0 | ||
| 008 | 131103s9999 xx 000 0 und d | ||
| 040 | _aLoreto College | ||
| 041 | _aEnglish | ||
| 082 |
_a900/N _bDAV |
||
| 100 | _aDavies,C.Collin | ||
| 245 | 3 |
_aAn historical atlas of the Indian peninsula _cC.Collin Davies |
|
| 250 | _a2nd ed. | ||
| 260 |
_aOxford _bOxford University Press _c[19_ _] |
||
| 300 |
_a94p _b ill., maps |
||
| 650 | _aAncient India-History-Atlas | ||
| 850 | _aLCBED | ||
| 942 | _cBK | ||
| 999 |
_c29012 _d79491 |
||